01034nam a2200241 a 450000100100000000500170001000800410002702000150006804000250008324501310010826000670023930000440030649000280035050000310037850000210040950400730043070000350050370000320053871000650057083000350063595201050067099900170077500004191620201002035829.0131022s1982 sp 000 0 spa d a8400054156 aDO-SdBNPbspacBNPHU03aEl Santuario de Juno en GABII :bExcavaciones 1956-1969 /cdirigido y editado por Martín Almagro Basch, Alberto Baul Iliana. aRoma :bEscuela Española de Historia y Arqueología,c1982. a624 p., ( LXXX) p. de lám : ;c32 cm.1 aBibliotheca italicav17 aAnálisis de los hallasgo aIncluye índice aIncluye referencias bibliográficas y notas al pie de las páginas1 aAlmagro Basch, Martín9688101 aBaul Iliana, Alberto9688112 aEscuela espñola de historia y arqueología en Roma968812 0aBibliotheca italicac17968813 001050718MOaGRbGRcCTd2013-10-22iLF1l0o p41916-10r2020-06-25w2020-06-25y1ZNo se presta c41405d41405